Η πολιτική της Ε.Ε. για τις «λιγότερο ευνοημένες περιοχές» στην Ελλάδα : το παράδειγμα της νήσου Λέσβου: ένας απολογισμός και προοπτικές : διατριβή

Saved in:
Bibliographic Details
Main Author: Πίτικα, Ευανθία
Corporate Author: Πανεπιστήμιο Αιγαίου Σχολή Περιβάλλοντος Τμήμα Περιβάλλοντος Πρόγραμμα Μεταπτυχιακών Σπουδών Περιβαλλοντική Πολιτική και Διαχείριση
Format: Thesis Book
Language:Greek
Published: 2013
Subjects:
Online Access:http://hdl.handle.net/11610/15104
Tags: Add Tag
No Tags, Be the first to tag this record!

MARC

LEADER 00000cam a2200000 i 4500
001 1/56065
008 140916s2013 gre d
035 |l 10119117 
040 |a GR-MY-UA  |b gre  |e aacr 
041 0 |a gre 
082 0 |a 338.9  |2 (22) 
100 1 |a Πίτικα, Ευανθία. 
245 1 2 |a Η πολιτική της Ε.Ε. για τις «λιγότερο ευνοημένες περιοχές» στην Ελλάδα :  |b το παράδειγμα της νήσου Λέσβου: ένας απολογισμός και προοπτικές : διατριβή /  |c Ευανθία Γ. Πίτικα ; επιβλέπων καθηγητής: Τρούμπης Ανδρέας 
260 |c 2013 
300 |a 124 σ.;  |b πίν.;  |c 30 εκ. 
500 |a Βιβλιογραφία: σ. 96-100, παράρτημα 
502 |a Διατριβή (μεταπτυχιακή) – Πανεπιστήμιο Αιγαίου, Λέσβος, 2013. 
650 0 |a Regional disparities  |z Greece  |z Lesbos (Municipality) 
650 0 |a Regional planning  |z Greece  |z Lesbos (Municipality) 
650 0 |a Regional economic disparities  |z Greece  |z Lesbos (Municipality) 
650 0 0 |a Dissertations, Academic  |z Greece. 
700 1 |a Τρούμπης, Ανδρέας,  |e dgs 
710 2 |a Πανεπιστήμιο Αιγαίου  |b Σχολή Περιβάλλοντος  |b Τμήμα Περιβάλλοντος  |b Πρόγραμμα Μεταπτυχιακών Σπουδών Περιβαλλοντική Πολιτική και Διαχείριση. 
852 |a INST  |b LESVOS  |c DIATR  |e 20140916  |h 767  |p 005100055240  |q 005100055240  |t MTXE  |y 23 
852 |a INST  |b LESVOS  |c DIATR  |e 20140916  |h 768  |p 005100055241  |q 005100055241  |t MTXE  |y 23 
856 |u http://hdl.handle.net/11610/15104 
901 |a BIBL1-2014-3 
909 |a Λ  |b 190762 
909 |a Λ  |b 190763 
924 |a ΠΙΤΙΚΑ  |b ΕΥΑΝΘΙΑ  |y ΛΕΣΒΟΣ  |z 2013-05 
970 |a ΤΖΑΦΕΡΗ  |b ΕΥΑΓΓΕΛΙΑ  |z 2014/09/16